| 000 | 01026nam a2200277 i 4500 | ||
|---|---|---|---|
| 005 | 20210727153129.0 | ||
| 007 | ta | ||
| 008 | 141031s2012 ck a gr 000 0 spa d | ||
| 020 | _a9789583004360 | ||
| 040 |
_aCO-BoRNBP _bspa _cCO-BoRNBP _erda |
||
| 084 | _aT ROS2 | ||
| 100 | 1 |
_aRosero Diago, Evelio José, _d1958- _eautor |
|
| 245 | 1 | 0 |
_aAhí están pintados _cEvelio José Rosero Diago ; ilustrado por Giovanni Cabrera |
| 250 |
_aPrimera edición _bOctava reimpresión -Décimo primera reimpresión |
||
| 264 |
_aBogotá _bPanamericana _c2012 _c2020 |
||
| 300 |
_a62 páginas _bilustraciones a color _c21 cm |
||
| 336 |
_atexto _btxt _2rdacontent |
||
| 337 |
_asin mediación _bn _2rdamedia |
||
| 338 |
_avolumen _bnc _2rdacarrier |
||
| 521 | _aRecomendado desde los 9 años | ||
| 650 | 1 | 7 |
_aTeatro infantil colombiano _ySiglo XX _2ARMARC |
| 650 | 1 | 7 |
_aLiteratura infantil colombiana _ySiglo XX _2ARMARC |
| 650 | 1 | 7 |
_aTeatro escolar e infantil colombiano _2ARMARC |
| 700 | 1 |
_aCabrera, Giovanni _eilustrador |
|
| 942 |
_2loc _cBKLIT |
||
| 999 |
_c2889 _d2889 |
||